00311nam a2200133Ia 45000030006000000080041000060400015000471000018000622450048000802500011001282600009001395460012001480050017001600STCL150530s9999 xx 000 0 und d aSTCLcSTCL aCollins, A.S. aEnglish literature of the twentieth century aFourth c1962 aEnglish20220125170911.0